[Event "URS-ch sf"]
[Site "Daugavpils"]
[Date "1978.??.??"]
[Round "?"]
[White "Vaisser, Anatoly"]
[Black "Kim, V."]
[Result "1/2-1/2"]
[WhiteElo "2385"]
[BlackElo "2200"]

1. d4 Nf6 2. c4 c5 3. d5 g6 4. Nc3 Bg7 5. e4 d6 6. f4 O-O 7. Bd3 e6 8. dxe6  fxe6 9. Nge2 Nc6 10. O-O Qe7 11. Ng3 Bd7 12. h3 a6 13. Be3 Rf7 14. Na4 Rd8 15.  e5 dxe5 16. Bxc5 Qe8 17. Bb6 exf4 18. Rxf4 Ne5 19. Be2 Rc8 20. Nc3 Bc6 21. Rf2  Nfd7 22. Be3 Rxf2 23. Bxf2 Qf8 24. Qd2 Qb4 25. Nce4 Qxd2 26. Nxd2 b5 27. Rd1  Bf8 28. cxb5 Bxb5 29. Nb3 Bxe2 30. Nxe2 Rc2 31. Rd2 Rxd2 32. Nxd2 Nd3 33. Bd4  e5 34. Bc3 Kf7 35. Ne4 Ke6 36. Ng5+ Kf5 37. Bd2 Bc5+ 38. Kf1 Nxb2 39. Ng3+ Kf6  40. N3e4+ Ke7 41. Nxh7 Ke6 42. Ke2 Be7 43. Bg5 Bb4 44. g4 Na4 45. Kd3 Nac5+ 46.  Nxc5+ Bxc5 47. Kc4 Kd6 48. Nf6 Nxf6 49. Bxf6 Bf2 50. h4 Ke6 51. Bg5 e4 52. a4  Ke5 53. h5 gxh5 54. gxh5 Kf5 55. Bc1 Bb6 56. h6 Kf6 57. Bf4 Bf2 58. Kc3 Bc5 59.  Kd2 Bf8 60. Ke3 Bxh6 1/2-1/2

[Event "URS-ch sf"]
[Site "Daugavpils"]
[Date "1978.??.??"]
[Round "?"]
[White "Vaisser, Anatoly"]
[Black "Klovans, Janis"]
[Result "0-1"]
[WhiteElo "2385"]
[BlackElo "2490"]

1. e4 e5 2. Nf3 Nc6 3. d4 exd4 4. c3 d5 5. exd5 Qxd5 6. cxd4 Nf6 7. Nc3 Bb4 8.  Be2 Ne4 9. Bd2 Bxc3 10. bxc3 Nxd2 11. Qxd2 O-O 12. O-O Bf5 13. c4 Qd6 14. d5  Ne7 15. Nd4 Bd7 16. Rac1 Rad8 17. Rfd1 Ba4 18. Re1 b6 19. Rc3 c6 20. Rd3 cxd5  21. cxd5 Nxd5 22. Nf5 Qb4 23. Qg5 Qxe1+ 24. Bf1 g6 25. Nh6+ Kh8 26. Nxf7+ Rxf7  27. Qxd8+ Kg7 28. Qh4 Rf4 29. Qg3 Bb5 0-1

[Event "URS-ch sf"]
[Site "Daugavpils"]
[Date "1978.??.??"]
[Round "?"]
[White "Vaisser, Anatoly"]
[Black "Korsunsky, Rostislav R"]
[Result "1/2-1/2"]
[WhiteElo "2385"]
[BlackElo "2200"]

1. d4 d5 2. c4 dxc4 3. Nf3 Nf6 4. Nc3 a6 5. e4 b5 6. e5 Nd5 7. a4 Nxc3 8. bxc3  Bb7 9. e6 f6 10. g3 Qd5 11. Bg2 Qxe6+ 12. Be3 Qc8 13. O-O e6 14. Nh4 Bxg2 15.  Nxg2 Bd6 16. Qh5+ g6 17. Qf3 Nd7 18. axb5 Kf7 19. Qc6 Nb6 20. Bf4 Qd7 21. Qxd7+  Nxd7 22. Rxa6 Rxa6 23. bxa6 Ra8 24. Ra1 Ke7 25. Bxd6+ cxd6 26. Ne3 Nb8 27. a7  Nc6 28. Ra6 Kd7 29. d5 exd5 30. Nxd5 Rxa7 31. Nxf6+ Kc7 32. Nd5+ Kd7 33. Nf6+  Kc7 34. Nd5+ Kd7 35. Nf6+ 1/2-1/2

[Event "URS-ch sf"]
[Site "Daugavpils"]
[Date "1978.??.??"]
[Round "?"]
[White "Vaisser, Anatoly"]
[Black "Petrushin, Alexander I"]
[Result "1/2-1/2"]
[WhiteElo "2385"]
[BlackElo "2355"]

1. d4 Nf6 2. c4 g6 3. Nf3 Bg7 4. g3 O-O 5. Bg2 d6 6. O-O Nbd7 7. Nc3 e5 8. e4  exd4 9. Nxd4 Re8 10. Re1 Nc5 11. h3 c6 12. Bf4 Bf8 13. Qc2 Nh5 14. Be3 Ng7 15.  Rad1 Qc7 16. b4 Nce6 17. g4 a5 18. b5 Nxd4 19. Bxd4 g5 20. e5 Rxe5 21. Ne4 Be7  22. b6 Qb8 23. Bxe5 dxe5 24. Qd2 Ne6 25. Nd6 f6 26. Nf5 Bc5 27. h4 Bxb6 28.  hxg5 Nxg5 29. Ne7+ Kf8 30. Nxc8 Qxc8 31. Qd6+ Kg7 32. Qd7+ Kg6 33. Qxc8 Rxc8  34. Rb1 Bc5 35. Rxb7 Rd8 36. Rb2 Rd4 37. Bxc6 Rxg4+ 38. Kf1 Rxc4 39. Bd5 Rf4  40. Rc2 Bd4 41. Rd1 h5 42. Rd3 h4 43. Bg2 a4 44. Bh3 Ne4 45. f3 Ng5 46. Kg2 Bb6  47. Bd7 Rb4 48. Be8+ Kf5 49. Bd7+ Kg6 50. Be8+ Kf5 51. Bd7+ Kf4 52. a3 e4 53.  fxe4 Rxe4 54. Rd5 Bd4 55. Bf5 h3+ 56. Kf1 Re3 57. Rxd4+ Kxf5 58. Rxa4 1/2-1/2

[Event "URS-ch sf"]
[Site "Daugavpils"]
[Date "1978.??.??"]
[Round "?"]
[White "Vaisser, Anatoly"]
[Black "Tseshkovsky, Vitaly"]
[Result "1/2-1/2"]
[WhiteElo "2385"]
[BlackElo "2570"]

1. d4 Nf6 2. c4 c5 3. d5 b5 4. cxb5 a6 5. e3 g6 6. Nc3 Bg7 7. a4 O-O 8. Nf3 d6  9. Qb3 axb5 10. Bxb5 Na6 11. O-O Nb4 12. e4 e6 13. dxe6 Bxe6 14. Bc4 Bxc4 15.  Qxc4 Nd7 16. Bg5 Qb8 17. Rad1 Nb6 18. Qb3 Nc6 19. Nd5 Nxd5 20. Qxd5 Rc8 21. b3  Na5 22. Rb1 Qb7 23. Qxb7 Nxb7 24. Rfd1 c4 25. bxc4 Nc5 26. Rxd6 Nxe4 27. Rd7  Rxa4 28. Rbd1 h6 29. Be3 1/2-1/2

[Event "URS-ch sf"]
[Site "Daugavpils"]
[Date "1978.??.??"]
[Round "?"]
[White "Vaisser, Anatoly"]
[Black "Yuferov, Sergey  N"]
[Result "1-0"]
[WhiteElo "2385"]
[BlackElo "2450"]

1. d4 Nf6 2. c4 g6 3. Nc3 Bg7 4. e4 d6 5. f4 O-O 6. Nf3 c5 7. d5 b5 8. e5 Nfd7  9. Nxb5 dxe5 10. Bd3 a6 11. Nc3 exf4 12. Bxf4 Qb6 13. Qd2 e5 14. dxe6 Qxe6+ 15.  Be2 Nb6 16. Ng5 Qd7 17. O-O-O Bd4 18. Nf3 Nc6 19. Nxd4 cxd4 20. Ne4 Qf5 21. Nd6  Qc5 22. Ne4 Qf5 23. Nd6 Qc5 24. a3 a5 25. Ne4 Qf5 26. Bd3 Nxc4 27. Bxc4 Qxe4  28. Rde1 Qf5 29. Bd6 Bb7 30. Rhf1 Qd7 31. Bxf8 Rxf8 32. Qg5 Nd8 33. Kb1 Qc6 34.  Rc1 Qxg2 35. Qxg2 Bxg2 36. Rf4 Nc6 37. Rc2 Bh1 38. Rc1 Bg2 39. Bb5 Na7 40. Bd7  d3 41. Rc7 Ra8 42. Kc1 1-0

[Event "URS-ch sf"]
[Site "Daugavpils"]
[Date "1978.??.??"]
[Round "?"]
[White "Vitolinsh, Alvis"]
[Black "Chekhov, Valery A"]
[Result "1/2-1/2"]
[WhiteElo "2415"]
[BlackElo "2470"]

1. e4 c5 2. Nf3 Nc6 3. d4 cxd4 4. Nxd4 Nf6 5. Nc3 e5 6. Ndb5 d6 7. Bg5 a6 8.  Na3 b5 9. Nd5 Be7 10. Nxe7 Nxe7 11. Qf3 Nd7 12. O-O-O Nc5 13. Be3 Ne6 14. Kb1  Bb7 15. c4 O-O 16. Bd3 Nc6 17. cxb5 Ncd4 18. Bxd4 Nxd4 19. Qe3 axb5 20. Nxb5  Qa5 21. Na3 Rfb8 22. Ka1 Ba6 23. Bb1 Rb4 24. Rd2 Rb3 25. axb3 Qxd2 26. Ba2 Qb4  27. Rc1 Qb6 28. Qc3 Rb8 29. Qc7 Nxb3+ 30. Bxb3 Qxb3 31. Rc2 g6 32. Qxd6 Bd3 33.  Rd2 Bxe4 34. Qxe5 Bxg2 35. Rd3 Qb6 36. f4 Rc8 37. f5 Bf1 38. Rd1 Qa6 39. f6 h5  40. Qf4 Be2 41. Rd6 Rc1+ 42. Ka2 Bc4+ 43. b3 Ra1+ 44. Kxa1 Qxa3+ 45. Kb1 Qxb3+  46. Kc1 Qc3+ 47. Kd1 Kh7 48. Qd4 Bb3+ 49. Ke2 Qc2+ 50. Qd2 Qe4+ 51. Kf2 Qh4+  52. Kg1 Be6 53. Rd8 Qxf6 54. Qd4 Qxd4+ 55. Rxd4 Bh3 56. Kf2 g5 57. Kg3 Bf5  1/2-1/2

[Event "URS-ch sf"]
[Site "Daugavpils"]
[Date "1978.??.??"]
[Round "?"]
[White "Vitolinsh, Alvis"]
[Black "Eingorn, Vereslav S"]
[Result "1-0"]
[WhiteElo "2415"]
[BlackElo "2270"]

1. e4 c5 2. Nf3 d6 3. d4 cxd4 4. Nxd4 Nf6 5. Nc3 e6 6. Bb5+ Bd7 7. Qe2 Qc7 8.  Be3 Nc6 9. O-O-O a6 10. Bxc6 Bxc6 11. Nxc6 Qxc6 12. f3 Be7 13. g4 O-O 14. Kb1  b5 15. Qd2 Nd7 16. Ne2 Ne5 17. Nd4 Qb7 18. b3 a5 19. Qe2 Rfb8 20. Bc1 a4 21. g5  Nc6 22. Nxc6 Qxc6 23. b4 Rd8 24. a3 Rac8 25. h4 Qc4 26. Rd3 d5 27. e5 Rd7 28.  Qd2 Rdc7 29. Rh2 Qc6 30. Bb2 Bd8 31. h5 Qe8 32. f4 g6 33. f5 gxf5 34. g6 fxg6  35. hxg6 Rg7 36. gxh7+ Kh8 37. Rxd5 Bg5 38. Qd4 exd5 39. e6 Rcc7 40. Qe5 Qd8  41. Bd4 f4 42. Rh5 f3 43. Rxg5 f2 44. Rxg7 f1=Q+ 45. Kb2 Rxc2+ 46. Kxc2 Qc4+  47. Kd2 1-0

[Event "URS-ch sf"]
[Site "Daugavpils"]
[Date "1978.??.??"]
[Round "?"]
[White "Vitolinsh, Alvis"]
[Black "Kozlov, V."]
[Result "1/2-1/2"]
[WhiteElo "2415"]
[BlackElo "2445"]

1. e4 e5 2. Nf3 Nf6 3. Nxe5 d6 4. Nf3 Nxe4 5. d4 Be7 6. Bd3 Ng5 7. Bxg5 Bxg5 8.  Nxg5 Qxg5 9. Qe2+ Qe7 10. Qxe7+ Kxe7 11. Nc3 Nc6 12. Nd5+ Kd8 13. c3 Ne7 14.  Nxe7 Kxe7 15. Kd2 Bd7 16. Rhe1+ Kf6 17. Re3 Bc6 18. Be4 Bxe4 19. Rxe4 Rhe8 20.  Rae1 Rxe4 21. Rxe4 a5 22. Kd3 d5 23. Re5 c6 24. c4 Rd8 25. cxd5 Rxd5 26. Rxd5  cxd5 27. Ke3 g5 28. g4 Ke6 29. Kd3 h5 30. h3 h4 1/2-1/2

[Event "URS-ch sf"]
[Site "Daugavpils"]
[Date "1978.??.??"]
[Round "?"]
[White "Vitolinsh, Alvis"]
[Black "Petrosian, Arshak B"]
[Result "1-0"]
[WhiteElo "2415"]
[BlackElo "2415"]

1. e4 e5 2. Nf3 Nc6 3. Bb5 a6 4. Ba4 Nf6 5. O-O Be7 6. Re1 d6 7. c3 Bg4 8. h3  Bh5 9. d3 Qd7 10. Nbd2 g5 11. Nf1 g4 12. hxg4 Bxg4 13. Ne3 Rg8 14. Nxg4 Qxg4  15. g3 h5 16. Nh2 Qh3 17. Re3 h4 18. g4 Qxh2+ 19. Kxh2 Nxg4+ 20. Qxg4 Rxg4 21.  Rf3 f6 22. Be3 Kd7 23. Rg1 Rxg1 24. Kxg1 b5 25. Bd1 Rh8 26. Rh3 f5 27. exf5 Bf6  28. Bb3 Nd8 29. f4 exf4 30. Bxf4 c6 31. Kf2 d5 32. c4 bxc4 33. dxc4 d4 34. c5  a5 35. Bd6 Rh5 36. Rf3 Rg5 37. Bc4 Rh5 38. a4 h3 39. Kg1 Rg5+ 40. Kh1 Rh5 41.  b4 axb4 42. a5 d3 43. a6 Kc8 44. Bxd3 Rh4 45. Bc2 Nf7 46. Rg3 Rh8 47. Rg6 b3  48. Bxb3 Nxd6 49. cxd6 Bd4 50. Be6+ Kd8 51. Rg7 1-0

[Event "URS-ch sf"]
[Site "Daugavpils"]
[Date "1978.??.??"]
[Round "?"]
[White "Vladimirov, Evgeny"]
[Black "Gedevanishvili, Dmitry"]
[Result "1-0"]
[WhiteElo "2445"]
[BlackElo "2200"]

1. d4 Nf6 2. c4 e6 3. g3 d5 4. Bg2 dxc4 5. Nf3 b5 6. a4 c6 7. O-O Bb7 8. Ne5  Nd5 9. e4 Nf6 10. d5 cxd5 11. exd5 Nxd5 12. axb5 Be7 13. Nxc4 O-O 14. Na5 Qb6  15. Nxb7 Qxb7 16. Nc3 Rd8 17. Qb3 Nc6 18. Nxd5 exd5 19. Rd1 Nb4 20. Bd2 Qxb5  21. Bxb4 Qxb4 22. Qxb4 Bxb4 23. Bxd5 Rab8 24. Rxa7 Rf8 25. Bc4 Rb6 26. Rd4 Bc5  27. Rd5 Rc6 28. Bb5 Rcc8 29. Rb7 Bb4 30. Bd3 Rb8 31. Rdd7 Rxb7 32. Rxb7 Bd6 33.  Bc4 g6 34. b4 Kg7 35. b5 h5 36. h4 Kf6 37. b6 Be7 38. Rd7 Bc5 39. Rd5 Be7 40.  b7 Rb8 41. Rd7 Rf8 42. Kg2 1-0

[Event "URS-ch sf"]
[Site "Daugavpils"]
[Date "1978.??.??"]
[Round "?"]
[White "Vladimirov, Evgeny"]
[Black "Kudriashov, Anatoli"]
[Result "1-0"]
[WhiteElo "2445"]
[BlackElo "2200"]

1. Nf3 Nf6 2. g3 d5 3. Bg2 Bf5 4. d3 e6 5. Nbd2 Be7 6. b3 a5 7. a4 O-O 8. Bb2  h6 9. O-O Bh7 10. e3 Na6 11. Qe2 c6 12. e4 dxe4 13. dxe4 Nc5 14. Rad1 Qb6 15.  Ne5 Qa6 16. Rfe1 Qxe2 17. Rxe2 Rfd8 18. f3 Na6 19. Bf1 Nb4 20. c3 Na6 21. Rb1  Nd7 22. Nxd7 Rxd7 23. Nc4 Bd8 24. Bc1 b5 25. Ne5 Rd1 26. Rd2 Bb6+ 27. Kg2 Rd8  28. Rxd8+ Bxd8 29. Nxc6 Bg5 30. axb5 Nc5 31. Be3 Rxb1 32. Bxc5 Rxb3 33. b6 Rb2+  34. Kh3 Bd2 35. Bb4 Bxc3 36. b7 Be5 37. Nxe5 Rxb4 38. Ba6 a4 39. Nc6 Rxb7 40.  Bxb7 a3 41. Nb4 Kf8 42. Ba6 Ke7 43. Nc2 f5 44. e5 a2 45. f4 1-0

[Event "URS-ch sf"]
[Site "Daugavpils"]
[Date "1978.??.??"]
[Round "?"]
[White "Vladimirov, Evgeny"]
[Black "Tseshkovsky, Vitaly"]
[Result "0-1"]
[WhiteElo "2445"]
[BlackElo "2570"]

1. Nf3 c5 2. g3 Nf6 3. Bg2 d5 4. O-O Nc6 5. d3 e6 6. c4 Be7 7. b3 O-O 8. Bb2 d4  9. e3 e5 10. Re1 Nd7 11. a3 a5 12. exd4 cxd4 13. Nbd2 Kh8 14. Rb1 f6 15. Bc1  Nc5 16. Ne4 Na6 17. Re2 Bd7 18. Ne1 f5 19. Nd2 Qc7 20. Ndf3 Rae8 21. Nc2 Nc5  22. Nfe1 Bf6 23. b4 axb4 24. axb4 Na4 25. Bd2 Nc3 26. Bxc3 dxc3 27. b5 Nd4 28.  Nxd4 exd4 29. Nc2 Rxe2 30. Qxe2 Re8 31. Qf3 b6 32. Kf1 g6 33. Qd5 f4 34. Ra1  Bf5 35. Nb4 Qe7 36. Qc6 c2 37. g4 Qe2+ 38. Kg1 Bh4 39. Nxc2 Bxd3 40. Bf3 Qxf2+  41. Kh1 Re7 42. g5 Bxg5 43. Qd5 Bxc2 44. Ra8+ Kg7 45. Qg8+ Kh6 0-1

[Event "URS-ch sf"]
[Site "Daugavpils"]
[Date "1978.??.??"]
[Round "?"]
[White "Vladimirov, Evgeny"]
[Black "Vitolinsh, Alvis"]
[Result "0-1"]
[WhiteElo "2445"]
[BlackElo "2415"]

1. Nf3 Nf6 2. c4 e6 3. g3 d5 4. b3 c5 5. Bg2 Be7 6. O-O O-O 7. e3 Nc6 8. Bb2 b6  9. Qe2 Bb7 10. Rd1 Qc7 11. Nc3 Rad8 12. Rac1 Qb8 13. cxd5 exd5 14. d4 Nb4 15.  Ne5 Nd7 16. Nxd7 Rxd7 17. dxc5 bxc5 18. Na4 d4 19. Bxb7 Qxb7 20. Nxc5 Bxc5 21.  Rxc5 dxe3 22. Rxd7 Qxd7 23. Qxe3 Qd1+ 24. Kg2 Nd3 25. Qd4 f6 26. Bc3 Ne1+ 27.  Kh3 Nd3 28. Qc4+ Kh8 29. Rf5 Qb1 30. g4 Qf1+ 31. Kh4 g5+ 32. Kg3 Qg1+ 33. Kf3  Qxf2+ 34. Ke4 Qe2+ 35. Kd4 Qxg4+ 0-1

[Event "URS-ch sf"]
[Site "Daugavpils"]
[Date "1978.??.??"]
[Round "?"]
[White "Vladimirov, Evgeny"]
[Black "Zlotnik, Boris A"]
[Result "1/2-1/2"]
[WhiteElo "2445"]
[BlackElo "2430"]

1. Nf3 g6 2. g3 Bg7 3. d4 Nf6 4. Bg2 O-O 5. O-O d6 6. c4 Nc6 7. d5 Na5 8. Nfd2  c6 9. a3 Ng4 10. Ra2 Ne5 11. b3 cxd5 12. cxd5 h6 13. h3 Qb6 14. Kh2 f5 15. f4  Nf7 16. Rc2 Bd7 17. Rf3 Rac8 18. Rxc8 Rxc8 19. b4 Nc4 20. Nxc4 Rxc4 21. Rd3 Qa6  22. Nd2 Rc7 23. Nb3 Qa4 24. Qd2 e5 25. dxe6 Bxe6 26. Na5 Qc2 27. Re3 Qxd2 28.  Bxd2 Bd7 29. Bd5 Kf8 30. Bb3 Nd8 31. Rd3 Ke7 32. Kg2 Bb2 33. Bd5 Be6 34. Bxe6  Nxe6 35. Be3 a6 36. Kf2 Kd7 37. Ke1 h5 38. Kd1 Ke7 39. Bd2 Ng7 40. Rb3 Bf6 41.  g4 Ne6 42. Rd3 Bb2 43. Rb3 Bd4 44. gxf5 gxf5 45. Rg3 Kf7 46. Rd3 Ke7 47. Rg3  Kf7 48. Rd3 1/2-1/2

[Event "URS-ch sf"]
[Site "Daugavpils"]
[Date "1978.??.??"]
[Round "?"]
[White "Vorotnikov, Vladislav V"]
[Black "Dolmatov, Sergey"]
[Result "1/2-1/2"]
[WhiteElo "2410"]
[BlackElo "2495"]

1. e4 c5 2. c3 d5 3. exd5 Qxd5 4. d4 Nf6 5. Nf3 e6 6. Bd3 Be7 7. Be3 cxd4 8.  cxd4 Nc6 9. Nc3 Qd6 10. a3 O-O 11. O-O b6 12. Bc2 Ba6 13. Re1 Rac8 14. Rc1 Rfd8  15. Ne4 Qd5 16. Nc3 Qd6 17. Ne4 Qd5 18. Nc3 Qd7 19. Bb1 Bc4 20. h3 Qb7 21. Nd2  Nxd4 22. Nxc4 Rxc4 23. Bd3 Rc7 24. Bxd4 Rcd7 25. Ne2 e5 26. Bxe5 Rxd3 27. Qc2  h6 28. Qc7 Qxc7 29. Rxc7 Rd1 30. Kf1 R1d7 31. Nc3 Rxc7 32. Bxc7 Rd7 33. Be5 a6  34. a4 Kf8 35. Ke2 Nd5 1/2-1/2

[Event "URS-ch sf"]
[Site "Daugavpils"]
[Date "1978.??.??"]
[Round "?"]
[White "Vorotnikov, Vladislav V"]
[Black "Mihalcisin, Adrian"]
[Result "0-1"]
[WhiteElo "2410"]
[BlackElo "2460"]

1. e4 e5 2. Nc3 Nf6 3. g3 d5 4. exd5 Nxd5 5. Bg2 Nxc3 6. bxc3 Bd6 7. Ne2 O-O 8.  O-O c6 9. d3 Nd7 10. c4 Nf6 11. Nc3 Bg4 12. Qe1 Re8 13. Rb1 Qc7 14. Be3 Nd7 15.  f3 Be6 16. Ne4 Be7 17. Qf2 f5 18. Bh3 b6 19. f4 Bxc4 20. dxc4 fxe4 21. fxe5  Nxe5 22. Qf4 Bd6 23. Qxe4 Ng6 24. Be6+ Kh8 25. Bd4 Nf8 26. Rbe1 Nxe6 27. Re3  Qd7 28. Qg4 Bc5 29. Bxc5 Nxc5 0-1

[Event "URS-ch sf"]
[Site "Daugavpils"]
[Date "1978.??.??"]
[Round "?"]
[White "Vorotnikov, Vladislav V"]
[Black "Rashkovsky, Nukhim N"]
[Result "1/2-1/2"]
[WhiteElo "2410"]
[BlackElo "2505"]

1. d4 Nf6 2. Nf3 g6 3. Nc3 d5 4. Bf4 Bg7 5. Qd2 h6 6. O-O-O c6 7. Ne5 Nbd7 8.  h4 Nb6 9. f3 Be6 10. g4 h5 11. gxh5 Nxh5 12. Bh2 Bxe5 13. dxe5 Nc4 14. Qd4 Qb6  15. Na4 Qxd4 16. Rxd4 Ne3 17. Nc5 Bc8 18. e6 Bxe6 19. Nxb7 Ng7 20. Nc5 Ngf5 21.  Rb4 Nxf1 22. Rxf1 Bc8 23. Rh1 g5 24. hxg5 Ng3 25. Bxg3 Rxh1+ 26. Kd2 Rh5 27.  Bf4 Rh4 28. c3 a5 29. Ra4 Ba6 30. Rxa5 Rxf4 31. Nxa6 Kd8 32. Nb4 Rxa5 33. Nxc6+  Kc7 34. Nxa5 Ra4 35. b4 Rxa2+ 36. Kd3 Kd6 37. Nb7+ Kc7 38. Nc5 Rb2 39. f4 Kd6  40. e4 e6 41. e5+ Ke7 42. Nb7 Rf2 43. Ke3 Rc2 44. Kd3 Rf2 45. Ke3 Rc2 1/2-1/2

[Event "URS-ch sf"]
[Site "Daugavpils"]
[Date "1978.??.??"]
[Round "?"]
[White "Vorotnikov, Vladislav V"]
[Black "Zlotnik, Boris A"]
[Result "1-0"]
[WhiteElo "2410"]
[BlackElo "2430"]

1. e4 e5 2. Nc3 Nf6 3. g3 Bb4 4. Bg2 O-O 5. Nge2 c6 6. O-O d5 7. exd5 cxd5 8.  d4 exd4 9. Nxd4 Bxc3 10. bxc3 Qa5 11. Qd3 Nbd7 12. Bf4 Nc5 13. Qe3 Re8 14. Qc1  Bd7 15. Qb2 Rac8 16. a4 Nfe4 17. Ra3 Qa6 18. Rb1 Qf6 19. Be3 Nd6 20. Bxd5 Nxa4  21. Qa1 b5 22. Nxb5 Nxb5 23. Rxa4 Nxc3 24. Rxa7 Qf5 25. Rbb7 Qxd5 26. Rxd7 Qf3  27. Qa6 Rb8 28. Rab7 Rbc8 29. Qd3 Ne2+ 30. Kf1 Nc1 31. Qd5 Rxe3 32. Rd8+ Re8  33. Rxe8+ Rxe8 34. Qxf3 1-0

[Event "URS-ch sf"]
[Site "Daugavpils"]
[Date "1978.??.??"]
[Round "?"]
[White "Yuferov, Sergey  N"]
[Black "Arbakov, Valentin"]
[Result "0-1"]
[WhiteElo "2450"]
[BlackElo "2200"]

1. d4 Nf6 2. c4 e6 3. Nf3 c5 4. d5 exd5 5. cxd5 d6 6. Nc3 g6 7. Bg5 h6 8. Bh4  Bg7 9. e3 O-O 10. Nd2 a6 11. a4 Nbd7 12. Be2 Re8 13. O-O b6 14. Bg3 Ne5 15. h3  Nh7 16. f4 Nd7 17. Nc4 Qe7 18. Bf3 f5 19. e4 Bxc3 20. bxc3 fxe4 21. Bg4 Ndf6  22. Bxc8 Raxc8 23. f5 e3 24. Rf3 e2 25. Qd3 Ne4 26. fxg6 Nhg5 27. Re3 Qf8 28.  Re1 b5 29. axb5 axb5 30. Nb6 Nxg3 31. Rxg3 c4 32. Qd4 Re4 33. Qd2 Rce8 34. h4  Rxh4 35. Re3 Qf1+ 0-1

[Event "URS-ch sf"]
[Site "Daugavpils"]
[Date "1978.??.??"]
[Round "?"]
[White "Yuferov, Sergey  N"]
[Black "Magerramov, Elmar"]
[Result "1/2-1/2"]
[WhiteElo "2450"]
[BlackElo "2435"]

1. d4 Nf6 2. c4 c5 3. d5 e6 4. Nc3 exd5 5. cxd5 d6 6. Nf3 g6 7. Bg5 Bg7 8. e3  h6 9. Bh4 Qb6 10. Rb1 Bg4 11. Be2 Bxf3 12. Bxf3 O-O 13. O-O Nbd7 14. Bg3 Rfc8  15. Be2 a6 16. Qd2 Qc7 17. a4 c4 18. Rfc1 Rab8 19. a5 b5 20. axb6 Nxb6 21. Ra1  Nfd7 22. Ne4 Bf8 23. Qd4 Ra8 24. Ra2 a5 25. h4 h5 26. Qd1 Nc5 27. Nd2 a4 28.  Nxc4 Nxc4 29. Rxc4 Bg7 30. e4 Qe7 31. Qc2 Rab8 32. Bd1 Re8 33. Rxc5 dxc5 34.  Bxb8 Rxb8 35. g3 Rb4 36. Bf3 Bd4 37. Kg2 Qf6 38. Qd1 Qe5 39. Qe2 Rb3 40. Qd1 c4  1/2-1/2

[Event "URS-ch sf"]
[Site "Daugavpils"]
[Date "1978.??.??"]
[Round "?"]
[White "Yuferov, Sergey  N"]
[Black "Palatnik, Semon"]
[Result "1/2-1/2"]
[WhiteElo "2450"]
[BlackElo "2490"]

1. d4 Nf6 2. c4 c5 3. d5 b5 4. cxb5 a6 5. e3 g6 6. Nc3 Bg7 7. e4 d6 8. a4 O-O  9. Nf3 Nbd7 10. Bd2 Bb7 11. Bc4 Nb6 12. Bb3 axb5 13. axb5 Rxa1 14. Qxa1 Qd7 15.  O-O Ra8 16. Qe1 Ne8 17. Qe2 Nc7 18. Rb1 Ra5 19. Bc2 Nxb5 20. Nxb5 Rxb5 21. b4  Ba6 22. Bd3 c4 23. Bc2 Qb7 24. Qe1 e5 25. dxe6 fxe6 26. Bc3 e5 27. Ra1 Na8 28.  Qd2 Rb6 29. Qg5 Nc7 30. Qd8+ Bf8 1/2-1/2

[Event "URS-ch sf"]
[Site "Daugavpils"]
[Date "1978.??.??"]
[Round "?"]
[White "Yurtaev, Leonid"]
[Black "Kataev, V."]
[Result "0-1"]
[WhiteElo "2200"]
[BlackElo "2200"]

1. e4 e6 2. d4 d5 3. Nc3 dxe4 4. Nxe4 Nd7 5. Nf3 Be7 6. Bd3 Ngf6 7. Nxf6+ Bxf6  8. Qe2 O-O 9. Qe4 g6 10. Bh6 Re8 11. O-O c5 12. c3 cxd4 13. cxd4 Nb6 14. Rfe1  Nd5 15. Bc4 Bd7 16. Ne5 Bc6 17. Nxc6 bxc6 18. Bb3 Qb6 19. Red1 Red8 20. Rac1  Rd6 21. Rc4 Rad8 22. Qf3 Bg7 23. Bxg7 Kxg7 24. g4 h6 25. h4 R8d7 26. g5 Qd8 27.  Qg3 h5 28. Qe5+ Kg8 29. Bc2 Nb6 30. Rc3 Rd5 31. Qe4 c5 32. Rcd3 c4 33. R3d2 e5  34. b3 c3 35. Re2 Rxd4 36. Rxd4 exd4 37. Bd3 Qf8 38. f4 Rd5 39. Kg2 Qd6 40. Kf3  Nd7 41. Qe8+ Qf8 42. Qe4 Rd6 43. b4 Qc8 44. f5 Nf8 45. Qf4 Qc6+ 46. Kf2 gxf5  47. b5 Qd5 48. a4 Ng6 49. Qf3 Ne5 50. Qxf5 Ng4+ 51. Kg3 Qxf5 52. Bxf5 d3 53.  Re8+ Kg7 54. Rc8 d2 55. Bc2 Ne3 0-1

[Event "URS-ch sf"]
[Site "Daugavpils"]
[Date "1978.??.??"]
[Round "?"]
[White "Zaichik, Gennadi"]
[Black "Gavrikov, Viktor"]
[Result "1/2-1/2"]
[WhiteElo "2470"]
[BlackElo "2200"]

1. d4 Nf6 2. c4 g6 3. Nc3 d5 4. Nf3 Bg7 5. Bg5 dxc4 6. e4 c5 7. Bxc4 cxd4 8.  Qxd4 Qxd4 9. Nxd4 Nxe4 10. Nxe4 Bxd4 11. O-O-O Nc6 12. Rhe1 Be6 13. Bxe6 fxe6  14. Be3 Rd8 15. Bxd4 Rxd4 16. Rxd4 Nxd4 17. Nc5 O-O 18. Re4 Rc8 19. Rxd4 Rxc5+  20. Kd2 Kf7 21. Ke3 Re5+ 22. Kf3 Ra5 23. a3 Rb5 24. b4 a5 25. bxa5 Rb3+ 26. Ke4  Rxa3 27. Rb4 Rxa5 28. Rxb7 Ra4+ 29. Ke3 h5 30. Rb5 Kf6 31. f4 Ra3+ 32. Ke4 Ra2  33. Kf3 Rd2 34. Rb7 Rd5 1/2-1/2

[Event "URS-ch sf"]
[Site "Daugavpils"]
[Date "1978.??.??"]
[Round "?"]
[White "Zaichik, Gennadi"]
[Black "Gofshtein, Leonid"]
[Result "1/2-1/2"]
[WhiteElo "2470"]
[BlackElo "2400"]

1. d4 Nf6 2. c4 c5 3. d5 g6 4. Nc3 d6 5. e4 Bg7 6. Be2 O-O 7. Nf3 e6 8. O-O Re8  9. Nd2 Na6 10. Rb1 Nc7 11. Re1 b6 12. h3 Nd7 13. Bf1 Rb8 14. dxe6 Nxe6 15. Nb5  Ne5 16. Nxa7 Ra8 17. Nxc8 Rxa2 18. f4 Nc6 19. Nxd6 Qxd6 20. Nf3 Qxd1 21. Rxd1  Ned4 22. e5 f6 23. Nxd4 Nxd4 24. exf6 Bxf6 25. Bd2 Kf7 26. Bc3 Re4 27. Ra1 Rxa1  28. Rxa1 Ne2+ 29. Bxe2 Rxe2 30. Ra7+ Ke6 31. Bxf6 Kxf6 32. Rxh7 Rxb2 33. Kh2  Rb4 34. Rb7 Kf5 35. Rf7+ Ke6 36. Rg7 Kf6 37. Rb7 Kf5 38. Rf7+ Ke6 39. Rg7 Kf6  40. Rb7 Kf5 1/2-1/2

[Event "URS-ch sf"]
[Site "Daugavpils"]
[Date "1978.??.??"]
[Round "?"]
[White "Zaichik, Gennadi"]
[Black "Palatnik, Semon"]
[Result "0-1"]
[WhiteElo "2470"]
[BlackElo "2490"]

1. d4 Nf6 2. Nf3 c5 3. d5 b5 4. a4 Bb7 5. e4 Nxe4 6. axb5 a6 7. Ra4 Nf6 8. Nc3  axb5 9. Rxa8 Bxa8 10. Bxb5 Nxd5 11. Nxd5 Bxd5 12. Qxd5 Qa5+ 13. Bd2 Qxb5 14.  Ne5 e6 15. Qf3 f6 16. Qh5+ Ke7 17. Nd3 Na6 18. O-O g6 19. Qh4 c4 20. Nf4 Bg7  21. Bc3 Nc5 22. Re1 Kf7 23. Qh3 Qc6 24. Bd4 Ne4 25. Qe3 Ra8 26. h4 Nd6 27. Bc3  Nf5 28. Qh3 e5 29. Nh5 Bh6 30. f4 Bxf4 31. Nxf4 exf4 32. h5 Ne3 33. hxg6+ Kxg6  34. Bd4 Qe6 35. Qh4 Qf5 36. Bxe3 fxe3 37. Rxe3 Ra1+ 38. Kh2 d5 39. Re7 h6 40.  Re3 h5 41. Qd4 Ra8 42. b4 cxb3 43. cxb3 Kh6 44. b4 Rc8 45. Rg3 Qe5 46. Qd2+ Kh7  47. Qd3+ f5 48. Kh3 Rc4 49. Qf3 f4 50. Qd3+ Qe4 51. Qxe4+ dxe4 52. Rb3 Rc1 53.  Kh2 e3 54. Rb2 Rd1 55. Re2 f3 0-1

[Event "URS-ch sf"]
[Site "Daugavpils"]
[Date "1978.??.??"]
[Round "?"]
[White "Zaichik, Gennadi"]
[Black "Rytov, Boris"]
[Result "1/2-1/2"]
[WhiteElo "2470"]
[BlackElo "2200"]

1. e4 d5 2. exd5 Nf6 3. d4 Nxd5 4. c4 Nb6 5. Nc3 Bf5 6. Nf3 e6 7. Be2 Be7 8.  O-O O-O 9. Be3 N8d7 10. a4 a5 11. Qb3 c6 12. Rac1 Qc7 13. Rfd1 Nc8 14. g3 Qb6  15. Qa2 Bb4 16. Nh4 Ne7 17. Bg5 Rfe8 18. c5 Qa7 19. Bc4 Nf8 20. Re1 Bg6 21.  Nxg6 hxg6 22. Re2 Nf5 23. Rd1 Nh7 24. Ne4 Nxg5 25. Nxg5 Nh6 26. Bxe6 fxe6 27.  Rxe6 Kh8 28. Rxg6 Re7 29. Re6 Rxe6 30. Qxe6 Qb8 31. Qe7 Qe8 32. Qxb7 Rb8 33.  Qc7 Rc8 34. Qb7 Rd8 35. Qc7 Qd7 36. Qf4 Kg8 37. Qe4 Qf5 38. Qxf5 Nxf5 39. Ne6  Re8 40. Nf4 Re4 41. d5 cxd5 42. c6 Ne7 43. Nxd5 Nxd5 44. Rxd5 Rc4 45. Rf5 Rxc6  46. Kg2 Rc2 47. b3 Kh7 48. h4 Kg6 49. g4 Rb2 50. Rf3 Be7 51. Kh3 Rb1 52. h5+  Kh6 53. Rd3 Bb4 54. Kg3 Rg1+ 55. Kf4 Rc1 56. Rd8 Kh7 57. g5 g6 58. Rd7+ Kg8 59.  hxg6 Rc6 60. Kf5 Rd6 61. Rxd6 Bxd6 1/2-1/2

[Event "URS-ch sf"]
[Site "Daugavpils"]
[Date "1978.??.??"]
[Round "?"]
[White "Zhidkov, Valery S"]
[Black "Kudriashov, Anatoli"]
[Result "1/2-1/2"]
[WhiteElo "2520"]
[BlackElo "2200"]

1. e4 c5 2. Nf3 Nc6 3. d4 cxd4 4. Nxd4 Nf6 5. Nc3 d6 6. Bg5 e6 7. Qd2 a6 8.  O-O-O Bd7 9. Be2 Be7 10. f4 Qc7 11. Qe3 b5 12. Nxc6 Bxc6 13. Bf3 Rc8 14. Rd2  O-O 15. e5 dxe5 16. fxe5 Nd5 17. Nxd5 Bxg5 18. Qxg5 Bxd5 19. Bxd5 exd5 20. Qg3  1/2-1/2